00639nam a22002177a 450000500170000001000110001702000210002803500110004903700160006004000120007608200150008810000200010324500790012326000430020227000380024530000200028350000190030365000490032265000290037170000210040020170124110035.0 a548493 c00.00a710064470 a548493 bCen Lib/Ret aDPLbEN a371.1bMUS aMusgrove, Frank aSociety and the teacher's role /cby Frank Musgrove [and] Philip H. Taylor aLondonbRoutledge and Kegan Paulc1969 aBroadway House, 68-74 Carter Lane a104p.c21cm(Hb) aIncludes index aTeacher participation in curriculum planning aTeaching--Social aspects aTaylor, Philip H